| 000 | 01093nam0a22002891 4500 | ||
|---|---|---|---|
| 001 | RU\NLR\INFOCOMM_253\5000016641 | ||
| 005 | 20250613093228.0 | ||
| 035 | _a(NLR Aleph) 009196769 | ||
| 090 |
_a8664394 _c8664394 |
||
| 100 | _a20100420d1982 |||y0rusy50 ca | ||
| 101 | 0 | _aeng | |
| 102 | _aRU | ||
| 105 | _ay ||||000|y | ||
| 200 | 1 |
_aChloroprene _f[Comp. by Cand. of Sci. L. S. Katosova] |
|
| 210 |
_aΜ. _cCentre of intern. projects, GKNT _d1982 |
||
| 215 |
_a16 с. _d21 см |
||
| 225 | 1 |
_aSer. "Scientific reviews of Sov. lit. on toxicity a. hazards of chemicals" _fUN Environment progr. (UNEP). Intern. reg. of potentially toxic chemicals (IRPTC), USSR State comm. for science a. technology. USSR Commiss. for UNEP _v14 |
|
| 320 | _aБиблиогр.: с. 14-16 | ||
| 606 |
_aХлоропрен _xТоксичность _2nlr_sh1 |
||
| 606 |
_aОтравления хлоропреном _2nlr_sh1 |
||
| 686 |
_aР284.508 _2rubbk |
||
| 702 | 1 |
_aKatosova _bL. S. _4220 |
|
| 801 | 1 |
_aRU _bNLR _c20100420 |
|
| 801 | 0 |
_aRU _bNLR _gPSBO |
|
| 852 |
_aNLR _jМд17 Д-4/78 |
||
| 942 | _cBOOK | ||
| 980 | _aNB | ||